00507 2200181 4500245006000000020002200060250001100082100003200093700001700125700001100142650002100153005001900174260007300193041001400266084001000280300002600290336000900316 aSemangkuk Sayur ArescR. A. Laksmi Priti ManoharahText a978-602-437-827-1 aCet. 1 aR. A. Laksmi Priti Manohara aFachri Fauzi aKaniah aCerita Bergambar a20240926113053 aJakartabKementrian Pendidikan, Keudayaan, Rset, dan Teknologic2019 aIndonesia a741.5 a28 halaman :c29,7 cm atext